Länder Asiens nach Buchstaben P-S - Statistiken

Allgemein
  • Dieses Quiz wurde 75 mal gespielt
  • Das Durchschnittsergebnis liegt bei 6 aus 7
Antwortstatistiken
- Land % Korrekt
P Pakistan
91%
S Saudi-Arabien
90%
S Südkorea
89%
S Sri Lanka
87%
S Singapur
86%
S Syrien
86%
P Philippinen
77%
Keine übereinstimmenden Quizze gefunden
Verteilung der Resultate
Anzahl Personen mit jedem Resultat
Perzentil nach korrekt beantworteten Fragen
Ihre Resultats-Entwicklung
Sie haben dieses Quiz noch nicht gespielt